شگفتگی و بر جستگی قلم کاروں کی / (Record no. 189277)
[ view plain ]
| 000 -LEADER | |
|---|---|
| fixed length control field | 00687nam a22001937a 4500 |
| 005 - DATE AND TIME OF LATEST TRANSACTION | |
| control field | 20220622163011.0 |
| 010 ## - LCCN (DPL NO) | |
| LC control number | UR-11604 |
| 020 ## - INTERNATIONAL STANDARD BOOK NUMBER | |
| International Standard Book Number | 9789383741274 |
| Terms of availability | 595.00 |
| 035 ## - SYSTEM CONTROL NUMBER | |
| System control number | U-10159 |
| 037 ## - SOURCE OF ACQUISITION | |
| Source of stock number/acquisition | DBAD/PUB |
| Stock number | - |
| 082 ## - DEWEY DECIMAL CLASSIFICATION NUMBER | |
| Classification number | 921 |
| 100 ## - MAIN ENTRY--PERSONAL NAME | |
| Personal name | سا قی ، نا ر نگ |
| 245 ## - TITLE STATEMENT | |
| Title | شگفتگی و بر جستگی قلم کاروں کی / |
| Statement of responsibility, etc | نا ر نگ سا قی |
| 246 ## - VARYING FORM OF TITLE | |
| Title proper/short title | Shaguftagi wa Barjastagi Qalam Karon ki / |
| Remainder of title | by Narang Saqi |
| 260 ## - PUBLICATION, DISTRIBUTION, ETC. (IMPRINT) | |
| Place of publication, distribution, etc | New Delhi |
| Name of publisher, distributor, etc | M.R. Publications |
| Date of publication, distribution, etc | 2019 ء |
| 270 ## - ADDRESS | |
| Address | #10 Metropole Market, 2724-25, First Floor, Kucha Chelan, Daryaganj |
| City | New Delhi |
| Postal code | 110002 |
| 300 ## - PHYSICAL DESCRIPTION | |
| Extent | 360 ص |
| Dimensions | 22cm(Hb) |
| 942 ## - ADDED ENTRY ELEMENTS (KOHA) | |
| Source of classification or shelving scheme | Dewey Decimal Classification |
| Item type | Urdu Bks |
| Classification part | 921 |
| Call number suffix | س ا ق |
| Withdrawn status | Lost status | Not for loan | Collection code | Home library | Current library | Date acquired | Source of acquisition | Cost, normal purchase price | Full call number | Barcode | Copy number | Cost, replacement price | Koha item type |
|---|---|---|---|---|---|---|---|---|---|---|---|---|---|
| Non-fiction | Central Library | Central Library | 22/06/2022 | DBAD/PUB | 595.00 | 921 س ا ق | U-10159 | 1 | 595.00 | Urdu Bks |
